| 000 | 00506nam a22001697a 4500 | ||
|---|---|---|---|
| 003 | LC | ||
| 005 | 20231108095547.0 | ||
| 008 | 151127b xxu||||| |||| 00| 0 eng d | ||
| 020 | _a9781107572492 | ||
| 020 | _a1107572495 | ||
| 050 | _aPC 2112 .B768 2014 | ||
| 100 | _aBourdais, Daniele | ||
| 245 |
_aPanorama francophone 1 _cDaniele Bourdais and Sue Finnie |
||
| 260 |
_aUnited Kingdom _bCambridge : Advance Materials _c2014 |
||
| 300 |
_a176 pages., _bcol.,ill.; _c225 x 276 x 7mm |
||
| 942 |
_2lcc _cBK |
||
| 999 |
_c288991 _d288991 |
||